Commonplace-book of B. Baker, (Record no. 43257)

MARC details
000 -LEADER
fixed length control field 00986cpmaa2200265 4500
001 - CONTROL NUMBER
control field mm 81060099
003 - CONTROL NUMBER IDENTIFIER
control field DLC
005 - DATE AND TIME OF LATEST TRANSACTION
control field 20260227111710.0
008 - FIXED-LENGTH DATA ELEMENTS--GENERAL INFORMATION
fixed length control field 811028|||||||||||| eng
010 ## - LIBRARY OF CONGRESS CONTROL NUMBER
LC control number mm 81060099
040 ## - CATALOGING SOURCE
Original cataloging agency DLC
Transcribing agency DLC
Description conventions dacs
Modifying agency DLC
041 ## - LANGUAGE CODE
Language code of text/sound track or separate title eng
-- gre
-- lat
072 #7 - SUBJECT CATEGORY CODE
Subject category code C
Source lcmd
100 1# - MAIN ENTRY--PERSONAL NAME
Personal name Baker, B.,
Dates associated with a name active 1710-1711.
245 00 - TITLE STATEMENT
Title Commonplace-book of B. Baker,
Inclusive dates 1711.
300 ## - PHYSICAL DESCRIPTION
Extent 1
Type of unit item.
300 ## - PHYSICAL DESCRIPTION
Extent 1
Type of unit container.
506 0# - RESTRICTIONS ON ACCESS NOTE
Terms governing access Open to research.
520 8# - SUMMARY, ETC.
Summary, etc. Commonplace-book (428 pages) of passages and extracts from various ancient and modern authors relating to questions of religion, morality, the conduct of life, etc. Includes index.
546 ## - LANGUAGE NOTE
Language note Collection material in English, with Greek, and Latin.
650 #0 - SUBJECT ADDED ENTRY--TOPICAL TERM
Topical term or geographic name entry element Commonplace books.
650 #0 - SUBJECT ADDED ENTRY--TOPICAL TERM
Topical term or geographic name entry element Religion.

No items available.

Powered by Koha